Vista normal
Vista MARC
Entrada Personal Name
Número de registros utilizados en: 1
001 - CONTROL NUMBER
- control field: 12562
003 - CONTROL NUMBER IDENTIFIER
- control field: DLC
005 - DATE AND TIME OF LATEST TRANSACTION
- control field: 20220513093939.0
008 - FIXED-LENGTH DATA ELEMENTS
- fixed length control field: 191111n| azannaabn |a aaa c
010 ## - LIBRARY OF CONGRESS CONTROL NUMBER
- LC control number: no2019166610
035 ## - SYSTEM CONTROL NUMBER
- System control number: (OCoLC)oca12565151
040 ## - CATALOGING SOURCE
- Original cataloging agency: DGW
- Language of cataloging: spa
- Description conventions: rda
- Transcribing agency: Mx-PuUPA
- Modifying agency: Mx-PuUPA
100 1# - HEADING--PERSONAL NAME
- Personal name: Fávero, Luiz Paulo,
370 ## - ASSOCIATED PLACE
- Associated country: Brasil
- Source of term: naf
373 ## - ASSOCIATED GROUP
- Associated group: Universida de de São Paulo
- Source of term: naf
374 ## - OCCUPATION
- Occupation: Autor
375 ## - GENDER
- Gender: hombre
377 ## - ASSOCIATED LANGUAGE
- Language code: eng
400 1# - SEE FROM TRACING--PERSONAL NAME
- Personal name: Fávero, Luiz Paulo Lopes
670 ## - SOURCE DATA FOUND
- Source citation: Data science for business and decision making, 2019:
- Information found: title page (Luiz Paulo Fávero; School of Economics, Business and accounting, University of São Paulo, Brazil)
670 ## - SOURCE DATA FOUND
- Source citation: Faculdade de Economia, Administração e Contabilidade da Universidade de São Paulo, WWW site, viewed October 14, 2019
- Information found: Luiz Paulo Lopes Favero (Luiz Paulo Lopes Favero)
- Uniform Resource Identifier: https://www.fea.usp.br/usuarios/docente/lpfavero